00449nam a22001217a 4500008004100000020001500041050002500056245009400081260004100175300001500216650004800231650004800279220822b |||||||| |||| 00| 0 eng d a0470021322 aRC489b.H35 2004 c.1 aA Handbook of Brief Cognitive Behaviour Theraphy/cEdited by Frank W. Bond & Windy Dryden aChichesterbJohn Wiley & Sons c2004 axii, 318p. aCognitive theraphy vHandbooks, manuals etc aBrief Psychoterapy vHandbooks, manuals etc